The light beyond : new explorations by the aulthor of life after life

Bibliographic Details
Main Author: Moody, Raymond A.
Format: Book
Published: New York : Bantam Books , 1988
Subjects:

MARC

LEADER 00000cam a2200000 7i4500
001 0000004816
002 000005192
005 20020509.0
020 |a 0553278134 
090 0 0 |a 133.9013   |b MOO 
100 1 |a Moody, Raymond A. 
245 1 4 |a The light beyond :   |b new explorations by the aulthor of life after life   |c Raymond A.Moody 
260 |a New York :   |b Bantam Books ,   |c 1988 
300 |a 205p. ;   |c 20cm. 
650 0 0 |a Near-death experiences 
999 |a 035432   |b BUKU   |c PINJAMAN   |e PERPUSTAKAAN KOMUNITI PETALING JAYA